Statistiken für Auswärtsfahrer Bundesliga

Klicken Sie hier um das Quiz zu spielen!

Allgemein

  • Dieses Quiz wurde 117 mal gespielt
  • Das Durchschnittsergebnis liegt bei 12 aus 18

Antwortstatistiken

RangDurchschnittAntwort% Korrekt
17.812FC Schalke 04
98%
45.832Bayern München
82%
35.912Borussia Dortmund
82%
26.488Werder Bremen
77%
18897TSG 1899 Hoffenheim
75%
65.1351.FC Köln
73%
17900VFL Wolfsburg
72%
55.318Eintracht Frankfurt
71%
74.724Borussia Mönchengladbach
65%
84.462VFB Stuttgart
64%
122.888Hertha BSC
63%
112.897SC Freiburg
63%
132.309Bayer 04 Leverkusen
61%
161.339FC Augsburg
61%
151.521Leipzig
61%
142.1091.FSV MAINZ 05
60%
103.3521.FC Union Berlin
57%
93.731VFL Bochum
54%

Verteilung der Resultate

Perzentil nach korrekt beantworteten Fragen

Anzahl Personen mit jedem Resultat

Ihre Resultats-Entwicklung

Sie haben dieses Quiz noch nicht gespielt